Macroeconomic in Context (Record no. 5657)

MARC details
005 - DATE AND TIME OF LATEST TRANSACTION
control field 20250627134014.0
020 ## - INTERNATIONAL STANDARD BOOK NUMBER
International Standard Book Number 978-1-03-217037-4
082 ## - DEWEY DECIMAL CLASSIFICATION NUMBER
Classification number 339 GOO
100 ## - MAIN ENTRY--PERSONAL NAME
Author name GOODWIN, N
245 ## - TITLE STATEMENT
Title Macroeconomic in Context
250 ## - EDITION STATEMENT
Edition statement 4th Ed.
260 ## - PUBLICATION, DISTRIBUTION, ETC.
Place of publication, distribution, etc. New York
Name of publisher, distributor, etc. Routledge Taylor & Francis Group
Date of publication, distribution, etc. 2023.
300 ## - PHYSICAL DESCRIPTION
Extent xi,745p.: ill.; figures, tables
Other physical details Index, Glossary
Dimensions 25cm
700 ## - ADDED ENTRY--PERSONAL NAME
Other authors/Editors Jonathan M, Harris
700 ## - ADDED ENTRY--PERSONAL NAME
Other authors/Editors Julie A. Nelson
700 ## - ADDED ENTRY--PERSONAL NAME
Other authors/Editors Pratistha Joshi Rajkarnikar
700 ## - ADDED ENTRY--PERSONAL NAME
Other authors/Editors Brian Roach
700 ## - ADDED ENTRY--PERSONAL NAME
Other authors/Editors Mariano Torras
942 ## - ADDED ENTRY ELEMENTS (KOHA)
Source of classification or shelving scheme Dewey Decimal Classification
Koha item type Books
Holdings
Date last seen Total checkouts Full call number Barcode Price effective from Koha item type Lost status Source of classification or shelving scheme Damaged status Not for loan Withdrawn status Home library Current library Shelving location Date acquired Source of acquisition
06/27/2025   339 GOO MZA0002470 06/27/2025 Books   Dewey Decimal Classification       CBE Mwanza CBE Mwanza Special Reserve Collection 07/26/2024 Library Budget